SLEDOVANIE BIELKOVINOVÝCH FRAKCIÍ KRVNÉHO SÉRA PRI NÁHLYCH CIEVNYCH MOZGOVÝCH PRÍHODÁCH I. časť

Bibliographic Details
Main Authors: Bartko, Daniel, 1929-2013 (Author), Marschalková, L. (Author), Wagnerová, Mária, MUDr (Author)
Format: Article
Language:Slovak

MARC

LEADER 00000nab a2200000ua 4500
001 vtls010796163
003 SK-MaSNL
005 20260303123959.0
008 230214s1965 xo |||||||||||||||||slo|
035 |a (urnnbn)urn:nbn:sk:snk:ar-a037o7 
035 |a (uuid)19f6288b-8d31-4caa-bbe3-d9cbf5b2101e 
035 |a urn:nbn:sk:snk-ab54ad 
040 |a SNKBUCL  |b slo  |c SNKBUCL  |e AACR2 
041 0 |a slo 
044 |a xo  |c SK 
100 1 |a Bartko, Daniel,  |d 1929-2013  |4 aut  |9 203780 
245 1 0 |a SLEDOVANIE BIELKOVINOVÝCH FRAKCIÍ KRVNÉHO SÉRA PRI NÁHLYCH CIEVNYCH MOZGOVÝCH PRÍHODÁCH I. časť  |c D. Bartko, L. Marschalková, M. Wagnerová 
700 1 |a Marschalková, L.  |4 aut  |9 1140329 
700 1 |a Wagnerová, Mária,  |c MUDr.  |4 aut  |9 73899 
773 0 |t Bratislavské lekárske listy  |g Roč. 45, č. 6 (1965), s. 349-357 
954 |a odborná, vedecká literatúra pôvodná (slovenská)  |2 lita 
958 |a OND 
958 |a EUIPO 
958 |a article3 
999 |c 1928813  |d 1930743